000 00407nam a22001577a 4500
003 MPLRDC
005 20220104142928.0
008 210129b ||||| |||| 00| 0 eng d
082 _a242.5 XRB
100 _a萧律柏
245 _a可能!
_c王一平译
260 _a
_b亚洲归主协会香港分会
_c
300 _b
650 _a神学; 教义学--天使. 魔鬼. 圣徒
942 _cBK
_o242.5 XRB
999 _c34985
_d34975